| 000 | 00595nam a2200205 a 4500 | ||
|---|---|---|---|
| 005 | 20240316063822.0 | ||
| 008 | 991125s1980 mad 000 0 spa u | ||
| 020 | _a8420612987 | ||
| 035 | _aUPN01000005947 | ||
| 049 | _aCG | ||
| 050 | 4 |
_aB2430 S31 _bB6.38 1980 |
|
| 100 | 1 |
_aSartre, Jean-Paul, _d1905-1980 |
|
| 245 | 1 | 0 |
_aBosquejo de una teoría de las emociones / _cJean-Paul Sartre ; tr. Mónica Acheroff. |
| 250 | _a3a ed. | ||
| 260 |
_aMadrid : _bAlianza, _c1980. |
||
| 300 | _a135 p. | ||
| 440 | 3 |
_aEl libro de bolsillo. _pHumanidades ; _v298 |
|
| 650 | 4 |
_aEmociones _939 |
|
| 905 | _aLibro | ||
| 999 |
_c5947 _d5947 |
||